00162pam a2200085 a 4500020000500000041000500005100002100010245002100031260002400052 c h aB, C, Choudhari  aTurtle in India  bW.W. F. Indiac1993